Das Jonas Quiz - Statistiken

Allgemein
  • Dieses Quiz wurde 16 mal gespielt
  • Das Durchschnittsergebnis liegt bei 5 aus 15
Antwortstatistiken
Hint Antwort % Korrekt
Welches Gewürz kann Jonas nicht ab? Pfeffer
79%
Was ist Jonas Lieblingsfarbe? blau
64%
Wonach ist Jonas süchtig? Monster
50%
Wie alt ist Jonas im Hinblick auf seine Fitness? 60+
43%
Welchen Messengerdienst nutzt sein Vater? Signal
36%
Wann hat Jonas Geburtstag? 09.03.
29%
Was ist Jonas Lieblingslied? Blau blüht der Enzian
21%
Was hat Jonas auf seinem Oberschenkel tätowiert? Darmstadtwappen
21%
Wobei verletzt sich Jonas immer? Fahrrad fahren
21%
Wie heißt Jonas Vater? Marko
21%
Was wissen Jonas Eltern nicht über ihn? Rauchen
21%
Was ist Jonas Lieblingssorte beim Monster? Wassermelone
21%
Wofür hat Jonas eine Schwäche? Simulatoren
14%
Womit kann Jonas überhaupt nicht umgehen? Technik
14%
Was ist Jonas Lieblingsauto? Twingo
14%
Keine übereinstimmenden Quizze gefunden
Verteilung der Resultate
Anzahl Personen mit jedem Resultat
Perzentil nach korrekt beantworteten Fragen
Ihre Resultats-Entwicklung
Sie haben dieses Quiz noch nicht gespielt